000 01228cam a2200325 i 4500
001 000012094
003 DO-SdBNP
005 20240110140102.0
007 ta
008 950503s1992 ve a b i001 0 spa
020 _a9806226666
040 _aDO-SdBNP
_bspa
_cBNPHU
_erda
082 4 _a378.098
_bC153t
_222
245 0 0 _aCalidad, tecnología y globalización en la educación superior latinoamericana /
_ccompilador, José F. Silvio.
264 _aCaracas :
_bUNESCO/CRESALC
_c1992.
300 _axxv, 525 páginas :
_bilustraciones ;
_c24 cm.
336 _2rdacontent
_atexto
_btxt
337 _2rdamedia
_asin mediación
_bn
338 _2rdacarrier
_avolumen
_bnc
500 _aIncluye referencias bibliográficas.
590 _aInventariado, 2024/BT
650 4 _aEducacion superior
_zAmerica Latina
_920447
650 4 _aTecnologia educativa
_zAmerica Latina
_928569
650 4 _aTelecomunicacion en educacion
_zAmerica Latina
_928570
650 4 _aGlobalizacion
_zAmerica Latina
_928571
700 1 _aSilvio, José F.,
_ecompilador
_928572
710 2 _aCentro de Arte Euroamericano.
_928573
710 1 _aUnesco.
_bRegional Center for Higher Education in Latin America and the Caribbean.
_928574
942 _2ddc
_cLBS1
999 _c11760
_d11760